| 000 | 00993nam a2200265 i 4500 | ||
|---|---|---|---|
| 001 | 150348 | ||
| 003 | ES-MaACL | ||
| 005 | 20230906203456.0 | ||
| 007 | t| | ||
| 008 | 071030s1948 sp ||||1| spa d | ||
| 100 | 1 |
_aVal, María Asunción del. _9112428 |
|
| 245 | 1 | 0 |
_aCatálogo de la exposición de libros españoles sobre geografía y viajes en África / _cpor Mª Asunción del Val. |
| 260 |
_aMadrid : _bInstituto de Estudios Africanos, _c1948. |
||
| 300 |
_a120 p. ; _c21 cm. |
||
| 504 | _aBibliografía: p. 111-113. | ||
| 650 | 4 |
_aLibros españoles- _vExposiciones. _9153842 |
|
| 651 | 4 |
_aÁfrica- _xGeografía- _vExposiciones. _9172166 |
|
| 651 | 4 |
_aÁfrica- _xDescripción- _vExposiciones. _9172167 |
|
| 655 | 7 |
_2tgfbne _9193628 _aCatálogos de exposiciones |
|
| 710 | 2 |
_aInstituto de Estudios Africanos. _94881 |
|
| 710 | 1 |
_aEspaña. _bDirección General de Marruecos y Colonias. _93752 |
|
| 852 |
_aES-MaACL _j1884-F-6 |
||
| 942 | _2udc | ||
| 999 |
_c150348 _d150348 |
||